000 00547nam a2200193Ia 4500
003 GCL
008 140319s9999 xx 000 0 ara d
040 _aGCL /
_cGCL
082 0 4 _a335.437
_bا ر
100 1 _aحليم طوسون
245 1 0 _aالراسمالية ضد الراسمالية /
_cحليم طوسون
700 1 _aالبير , ميشيل
300 _a255 ص
490 _a
650 0 4 _aالنظم الاقتصادية
650 0 4 _aالمذاهب الاقتصادية
650 0 4 _aالراسمالية
942 _2ddc
_cBK
999 _c45229
_d45229